000 01171 a2200241 4500
999 _c4518
_d4518
020 _a0792335341 (alk. paper)
050 0 0 _aLC 71.2 INT 1998
245 0 0 _aInternational handbook of educational change /
_cedited by Andy Hargreaves ... [et al.].
264 _aLondon:
_bKluwer Academic Publishers,
_c1998
300 _av. <1-2 > ;
_bill. ;
440 0 _aKluwer international handbooks of education ;
500 _aIncludes bibliographical references and index.
504 _aIncludes bibliographical references and index.
650 0 _aEducational planning
_xHandbooks, manuals, etc.
650 0 _aEducational change
_xHandbooks, manuals, etc.
700 1 _aLieberman, Andy
_eEditor
700 1 _aFullan Micheal
_eEditor
700 1 _aHopkins, David
_eEditor
856 4 2 _3Publisher description
_uhttp://www.loc.gov/catdir/enhancements/fy0813/97051861-d.html
856 4 1 _3Table of contents only
_uhttp://www.loc.gov/catdir/enhancements/fy0813/97051861-t.html
942 _2lcc
_cBK
_h71.2
_iINT
_kLC